| 000 | 00622nam a2200205 i 4500 | ||
|---|---|---|---|
| 001 | 43158 | ||
| 003 | ES-MaACL | ||
| 005 | 20240426063022.0 | ||
| 007 | t| | ||
| 008 | 030317s1961 sp ||||1| spa d | ||
| 100 | 1 |
_aCelaya, Gabriel, _d1911-1991 _937346 |
|
| 245 | 1 | 4 |
_aLos poemas de Juan de Leceta / _cGabriel Celaya. |
| 260 |
_aBarcelona : _bSalinas : _bSeix Barral, _c[1961] |
||
| 300 |
_a122 p. ; _c19 cm. |
||
| 490 | 1 |
_aEl bardo, colección de poesía ; _v107 |
|
| 830 |
_9235922 _aEl Bardo (Batlló, José) ; _v107 |
||
| 852 |
_aES-MaACL _jC-21210 _bR.49734 |
||
| 942 | _2udc | ||
| 999 |
_c43158 _d43158 |
||